| 000 | 00558cam a2200193 a 4500 | ||
|---|---|---|---|
| 020 | _a089410862X (alk. paper) | ||
| 020 | _a0894108824 (pbk. : alk. paper) | ||
| 040 | _cDLC | ||
| 041 | 1 | _hkor | |
| 082 | 0 | 0 | _a895 LYN 1998 A094 Or. |
| 245 | 0 | 4 |
_aThe golden phoenix : _bseven contemporary Korean short stories / |
| 260 |
_aBoulder : _bLynne Rienner Publishers, _c1998. |
||
| 300 |
_aix, 297 p. ; _c24 cm. |
||
| 500 | _a"A three continents book." | ||
| 650 | 0 | _aShort stories, Korean | |
| 650 | 0 | _aKorean fiction | |
| 700 | 1 | _aSŏ, Chi-mun. | |
| 942 | _cEK | ||
| 999 |
_c13798 _d13798 |
||